| 000 | 008250000a22002770004500 | ||
|---|---|---|---|
| 001 | 768714001 | ||
| 003 | CO-MdBIC | ||
| 005 | 20231124150432.0 | ||
| 008 | 231124t1996 -us||||| |||| 00| 0 eng d | ||
| 020 | _a0-8308-1879-0 | ||
| 040 |
_bspa. _aCO-MdFUSB _cCO-MdFUSB _dCO-MdFUSBC _erda |
||
| 041 | _aeng | ||
| 082 | 0 | 4 | _aG 231.3 P656f |
| 100 | 1 | _aPinnock, Clark H. (1937-) | |
| 245 | 1 | 0 |
_aFlame of love : A theology of the Holy Spirit / Clark H. Pinnock _c/ |
| 264 | 1 |
_aDowners Grove, IL. : InterVarsity _bInterVarsity Press, _c[1996] |
|
| 264 | 1 | _c©1996 | |
| 300 |
_a280 Pág. _c; |
||
| 336 |
_atexto _btxt _2rdacontent |
||
| 337 |
_2rdamedia _asin mediación _bn |
||
| 338 |
_2rdacarrier _avolumen _bnc |
||
| 650 | 0 |
_950 _aEspíritu Santo |
|
| 650 | 7 |
_9179 _aTeología doctrinal |
|
| 942 | _cBK | ||
| 945 | _ajohan1477 | ||
| 999 |
_c43077 _d43077 |
||